Guess the1970s song lyrics #14 - Statistics

General Stats
  • This quiz has been taken 45 times
  • The average score is 162 of 351
Answer Stats
Answer % Correct
a
98%
I
98%
the
98%
and
88%
And
88%
in
81%
In
81%
to
81%
is
79%
it
79%
your
79%
be
71%
my
64%
what
64%
What
64%
will
62%
from
57%
you're
57%
It's
52%
this
52%
This
52%
Oh
48%
all
43%
up
43%
baby
40%
Baby
40%
Got
40%
got
40%
now
40%
with
40%
take
38%
down
36%
feel
36%
night
33%
hands
29%
air
26%
That's
26%
right
24%
ain't
21%
might
21%
move
21%
only
21%
feeling
19%
left
19%
car
17%
doing
17%
fun
17%
Let's
17%
side
17%
call
14%
dance
14%
song
14%
care
12%
ride
12%
while
12%
While
12%
low
10%
moving
10%
Rock
10%
rock
10%
Sit
10%
Wave
10%
wave
10%
exactly
7%
funky
7%
hips
7%
steady
7%
Steady
7%
Step
7%
yourself
7%
slide
5%
woo
2%
No matching quizzes found
Score Distribution
Percent of People with Each Score
Percentile by Number Answered
Your Score History
You have not taken this quiz